MARC

LEADER 00000nam0a2200000 4500
001 22794
005 20231030194853.0
010 |a 5858241271 
035 |a (RuTPU)RU\TPU\book\23008 
035 |a BOOK00000772 
090 |a 22794 
100 |a 20011209d2000 km y0rusy50 ca 
101 0 |a rus 
102 |a RU 
105 |a a z 000zy 
200 1 |a Белые армии юга России 1917-1920 гг.  |h Кн. 1  |f В. Ж. Цветков 
210 |a Москва  |c Посев  |d 2000 
215 |a 164 с.  |c ил. 
610 1 |a история 
610 1 |a Россия 
610 1 |a 20 век 
610 1 |a белое движение 
610 1 |a белые армии 
610 1 |a Добровольческая Армия 
610 1 |a Вооруженные Силы Юга России 
610 1 |a Русская армия 
610 1 |a комплектование 
610 1 |a состав 
610 1 |a программы 
686 |a Т3(2)61-4  |v LBC/SL-A  |2 rubbk 
700 1 |a Цветков  |b В. Ж.  |g Василий Жанович 
801 0 |a RU  |b 63413507  |c 20011209  |g PSBO 
801 2 |a RU  |b 63413507  |c 20080909  |g PSBO 
942 |c BK